Responses for Show #7699 - Thursday, February 15, 2018

Rob Worman game 2.

Contestants

[<< previous game]

Shawn Ralston, a pediatrician from Hanover, New Hampshire

Matt Stikker, a graphic designer and illustrator from Portland, Oregon

Rob Worman, an escalation manager from Edina, Minnesota (whose 1-day cash winnings total $15,900)

[next game >>]

Jeopardy! Round responses

(Alex: We start you off with a tribute to the 30th anniversary on Broadway of...)
THE PHANTOM OF THE OPERA
HOLIDAYS & OBSERVANCES
ON THEIR LIVE AID SETLIST
THE 1930s
WHAT'S FOR BREAKFAST?
SYNONYM ROLL
    $200 5
Andrew Lloyd Webber

Shawn
    $200 24
Memorial Day

Matt
    $200 11
FM

Shawn
    $200 6
Eggo

Matt
    $200 26
a somersault

Triple Stumper
    $400 4
New Year's Eve

Triple Stumper
    $400 23
Columbus Day

Rob
    $400 19
Duran Duran

Rob
    $400 12
Franco

Shawn
    $400 7
(Matt: What is Kellogg?)
(Shawn: What are corn flakes?)

granola

MattShawn
Triple Stumper
    $400 27
[The end-of-round signal sounds.]

a whirling dervish

Matt
    $600 1
Paris

Rob
    $600 20
December 7th

Rob
    $600 16
(Matt: Oh, my God. Uh...)

Dire Straits

MattShawn
    $600 13
a blood bank

Shawn
    $600 8
avocado toast

Rob
    $800 2
"The Music Of The Night"

Rob
    $4,800 21
Bastille Day

Rob
    $800 17
Bryan Adams

Shawn
    $800 14
Volkswagen

Rob
    $800 9
tortilla chips

Shawn
    $1000 3
Sarah Brightman

Rob
    $1000 22
(Alex: Less than a minute to go now.)

Queen Victoria

Matt
    $1000 18
The Boomtown Rats

Triple Stumper
    $1000 15
Mercury Theatre

Triple Stumper
    $1000 10
(Matt: Uh...)

cottage fries

Matt
Triple Stumper
    $1000 25
spin

Triple Stumper

Scores at the first commercial break (after clue 15):

Rob Matt Shawn
$3,800 -$1,200 $1,800

Scores at the end of the Jeopardy! Round:

Rob Matt Shawn
$10,000 -$200 $3,200

Double Jeopardy! Round responses

AMERICAN BOOKS & AUTHORS
CHARITABLE ORGANIZATIONS
COUNTRY NAME ORIGINS
"I" CATCHING
THE CLINTON CABINET
MEDICATIONS
    $400 3
Dr. Seuss

Matt
    $400 14
microloans

Rob
    $400 1
(Shawn: What is Barbuda?)

Barbados

RobShawn
    $400 11
Janet Reno

Shawn
    $800 5
Suzanne Collins

Rob
    $800 18
Alzheimer's

Rob
    $800 4
an island

Triple Stumper
    $800 28
[The end-of-round signal sounds.]

idling

Shawn
    $800 12
Health and Human Services

Rob
    $800 27
(Shawn: What is laudanum?)

morphine

RobShawn
    $1200 6
John Gray

Rob
    $1200 15
Ronald McDonald Houses

Rob
    $1200 2
black mountain

Shawn
    $1200 19
(Rob: What is an autopsy?)

an inquest

RobMatt
    $1200 22
(Shawn: What is Justice?)

Secretary of State

Shawn
Triple Stumper
    $1200 13
an antihistamine

Matt
    $1600 7
William S. Burroughs

Shawn
    $1600 16
farming (or farmers)

Rob
    $1600 9
Tonga

Triple Stumper
    $1600 20
an ibis

Matt
    $4,000 23
(Alex: Hurry.)
(Shawn: What is... in--depart--uh...)

Veterans Affairs

Shawn
    $1600 26
COPD

Shawn
    $2000 8
Ethan Frome

Triple Stumper
    $2000 17
Meals on Wheels

Matt
    $5,600 10
(Alex: Argentum for silver, yes.)

Argentina

Shawn
    $2000 21
(Matt: What is ibid?)

imprimatur

MattShawn
    $2000 24
(Alex: With less than a minute now.)

Bill Richardson

Shawn
    $2000 25
Valium

Shawn

Scores at the end of the Double Jeopardy! Round:

Rob Matt Shawn
$16,800 $4,200 $14,000

[wagering suggestions for these scores]

Final Jeopardy! Round responses

MEDIEVAL ASIA
MattWhat is a daimyo?
$2,000
ShawnWho is shogun
$9,500
RobWho is a geish
$11,201
samurai

Final scores:

Rob Matt Shawn
$5,599 $2,200 $4,500
2-day champion: $21,499 3rd place: $1,000 2nd place: $2,000

Game dynamics:

Coryat scores:

Rob Matt Shawn
$12,800 $4,200 $14,400
18 R
(including 1 DD),
1 W
9 R,
4 W
16 R
(including 1 DD),
5 W
(including 1 DD)

Combined Coryat: $31,400

[game clues] [game scores] [suggest correction]

Game tape date: 2017-11-27
The J! Archive is created by fans, for fans. Scraping, republication, monetization, and malicious use prohibited; this site may use cookies and collect identifying information. See terms. The Jeopardy! game show and all elements thereof, including but not limited to copyright and trademark thereto, are the property of Jeopardy Productions, Inc. and are protected under law. This website is not affiliated with, sponsored by, or operated by Jeopardy Productions, Inc. Join the discussion at JBoard.tv.